000 00649nam a2200241Ia 4500
003 OSt
005 20220918191814.0
006 a|||||r|||| 00| 0
007 ta
008 220917b |||||||| |||| 00| 0 eng d
024 _a65,114
037 _cTextual
040 _aARTS
_cARTS
_beng
041 _2eng
_aeng
082 _aR14, K6
100 _aRescher Nicholas
_918578
245 0 _aLogic of commands
260 _aLondon
_bRoutledge and Kegan Paul Ltd U. K.
_c1965
490 _aMonographs in modern logic ed by G B Keene
650 _aPHILOSOPHY
942 _hR14, K6
_cTEXL
_2CC
999 _c191451
_d191451